000 00555nam a2200229Ia 4500
003 OSt
005 20221007101916.0
006 a|||||r|||| 00| 0
007 ta
008 221006b |||||||| |||| 00| 0 eng d
024 _a8,790
037 _cBound Volume
040 _aLCO
_cLCO
_beng
041 _2eng
_aeng
082 _aZm2,N95, L5
245 0 _aALL INDIA REPORTER, 1995, Karnataka
260 _aNagpur
_bAIR
_c1995
490 _v82
650 _aAIR
942 _hZm2,N95, L5
_cCR
999 _c1178353
_d1178353